Представление документа в формате RUSMARC

ПолеНазваниеЗначение
  Тип записи a
  Библиографический уровень m
001 Контрольный номер LIBNET\0000990965
005 Дата корректировки 20190719094202.5
010 Индекс ISBN __
a ISBN 978-5-17-112652-0
9 Тираж Доп. тираж 4000
d Цена 221-10
035 Другие системные номера __
a Идентификатор записи RU VLADIMIR\BIBL\0005345895
100 Данные общей обработки __
a Данные общей обработки 20190523d2019####u##y0rusy0189 ca
101 Язык документа 1_
a Язык текста rus
c Язык оригинала chi
102 Страна публикации __
a Страна публикации RU
105 Кодированные данные (монография) __
a Кодированные данные (монография) a###z###000|y
200 Заглавие и сведения об ответственности 1_
a Заглавие Китайская медицина на каждый день для каждой семьи
e Сведения, относящиеся к заглавию полный атлас целительных точек
e Сведения, относящиеся к заглавию 200 упражнений, восстанавливающих энергию
f Первые сведения об ответственности Лао Минь
210 Выходные данные 1_
a Место издания Москва
c Издательство АСТ
c Издательство Прайм
d Дата издания 2019
215 Физическое описание __
a Объем 384 с.
c Иллюстрации/тип воспроизводства ил.
d Формат 21
225 Серия (Журнальная рубрика) 1_
a Серия (Журнальная рубрика) Восточная медицина на каждый день
330 Аннотация __
a Аннотация Уникальная домашняя энциклопедия здоровья поможет меньше обращаться к таблеткам и мазям, не стоять в бесконечных очередях в поликлиниках. Все до единого приемы просты в исполнении и подойдут как для бабушек и дедушек, так и для их самых маленьких внуков. Чтобы массаж точек и упражнения цигун были максимально эффективными, в книге даются подробные иллюстрации к каждому приему.
333 Примечание о целевом назначении __
a Примечание о целевом назначении 16+
606 Тематические рубрики 1_
3 Контрольный № нормативной записи RU\NLR\AUTH\66148619
a Основная рубрика Здравоохранение. Медицинские науки
2 Код системы local
606 Тематические рубрики __
a Основная рубрика Народная медицина и отдельные системы лечения
610 Ключевые слова 0_
a Ключевые слова китайская медицина
a Ключевые слова рефлексотерапия
a Ключевые слова акупрессура
a Ключевые слова самодиагностика
a Ключевые слова долголетие
a Ключевые слова массаж
a Ключевые слова здоровье без таблеток
686 Индексы других классификаций __
a Индекс ББК 53.59
v Номер издания LBC/RL
2 Код системы rubbk
700 Автор _1
3 Контрольный № нормативной записи RU\NLR\AUTH\770150116
a Фамилия Лао Минь
801 Источник записи _0
a Страна RU
b Организация Владимирская ОУНБ
c Дата составления 20190523
g Правила каталогизации RCR
801 Источник записи _1
a Страна RU
b Организация Владимирская ОУНБ
c Дата составления 20190523
g Правила каталогизации RCR
801 Источник записи _2
a Страна RU
b Организация Владимирская ОУНБ
c Дата составления 20190524
2 Код формата rusmarc
801 Источник записи _2
a Страна RU
b Организация Центральная районная библиотека им. Г. А. Пирожникова
830 Общее примечание каталогизатора __
a Текст примечания 273
852 Данные о местонахождении __
j Шифр хранения 53.59
i Авторский знак Л 23
901 Тип документа __
t Тип документа m
902 Роль лиц __
b Редактор БЗ ОКиОЛ/Струналь